Normal view MARC view
  • Russell, Christopher

Entry Personal Name

Number of records used in: 1

001 - CONTROL NUMBER

  • control field: 118039

003 - CONTROL NUMBER IDENTIFIER

  • control field: NUST

005 - DATE AND TIME OF LATEST TRANSACTION

  • control field: 20230919144202.0

008 - FIXED-LENGTH DATA ELEMENTS

  • fixed length control field: 230919|| aca||aabn | a|a d

040 ## - CATALOGING SOURCE

  • Original cataloging agency: NUST
  • Transcribing agency: NUST

100 ## - HEADING--PERSONAL NAME

  • Personal name: Russell, Christopher

670 ## - SOURCE DATA FOUND

  • Source citation: Work cat.: (NUST)599652: Russell, Christopher , Managing energy from the top down: connecting industrial energy efficiency to business performance /, 2019-09-27
© 2023 Central Library, National University of Sciences and Technology. All Rights Reserved.